| 000 | 01547nam a22002894i 4500 | ||
|---|---|---|---|
| 999 |
_c64274 _d64274 |
||
| 001 | 768714001 | ||
| 003 | CO-MdFUSB | ||
| 005 | 20180404152349.0 | ||
| 008 | 180404t2013 xxu||||g |||| 00| 0 spa d | ||
| 020 | _a9781492318460 | ||
| 040 |
_aCO-MdFUSB _bspa _cCO-MdFUSB _dCO-MdFUSB _erda |
||
| 041 | _aspa | ||
| 082 |
_224 _aG 220.601 _bR457h |
||
| 100 |
_aReyes, George _eautor |
||
| 245 | 1 | 0 |
_aHermenéutica postmoderna y hermenéutica bíblica _b: reflexiones y opciones sobre teoría y método para la interpretación y contextualización de la narrativa bíblica _c/ George Reyes |
| 264 | 1 |
_a[México]: _b[Publicador no identificado]; _c℗[2013] |
|
| 264 | 4 | _c©2013 | |
| 300 |
_a338 p. _b: _c23 cm. |
||
| 336 |
_2rdacontent _atexto _btxt |
||
| 337 |
_2rdamedia _asin mediación _bn |
||
| 338 |
_2rdacarrier _avolumen _bnc |
||
| 504 | _aBibliografías | ||
| 505 | _aEl giro hermenéutico contemporáneo: Lectura de tendencias -- Verdad y racionalidad hermenéutica analógica: Exploración e implicaciones para la interpretación del texto bíblico narrativo -- Analogía y hermenéutica: Hacia una epistemología analógica para el texto narrativo bíblico y su teología -- Hermenéutica del poder: Foucault, Calvino, contexto y texto narrativo bíblico -- Narración bíblica: Narración representacional referencial y teológica -- Hermenéutica poético-narrativa analógica: Hacia un método de interpretación y contextualización del texto narrativo bíblico | ||
| 563 | _aRústica | ||
| 650 | 7 |
_9418 _aHermenéutica |
|
| 942 | _cBK | ||